000 00492nam a22001577a 4500
020 _a0131804073
082 _a620.11
_bSHA
_cN-38, P-152
100 _aShackelford, James F.
_940721
245 _aIntrodution to materials science for engineers
_cShackelford, James F.
250 _a4th
260 _aLondon
_bPrentice hall international, Inc.
_c1985
300 _aix, 661 p. :
_bill, ;
_c24 cm.
526 _a0
_b0
_c0
_d620_110000000000000_SHA
650 _aNUST (MCE)
_926909
942 _2ddc
_cBK
999 _c544978
_d544978